[Event "SVR-op 33rd"]
[Site "Mendig"]
[Date "2010.04.03"]
[Round "7"]
[White "Van Leyen, Peter"]
[Black "Waldorf, Konstantin"]
[Result "1-0"]
[WhiteElo "1457"]
[BlackElo "1321"]
[PlyCount "77"]
[EventDate "2010.03.27"]
[EventType "swiss"]
[EventRounds "7"]
[EventCountry "GER"]
[SourceTitle "EXT 2011"]
[Source "ChessBase"]
[SourceDate "2010.11.26"]
[SourceVersion "1"]
[SourceVersionDate "2010.11.26"]
[SourceQuality "1"]

1. d4 d5 2. c4 e6 3. Nf3 Nc6 4. Nc3 Nf6 5. Bg5 Be7 6. e3 b6 7. Rc1 Bb7 8. cxd5 exd5 9. Bd3 0-0 10. 0-0 Qd7 11. Bb5 Qe6 12. a3 a6 13. Bd3 Rfe8 14. b4 b5 15. Bb1 Rad8 16. Qd3 Ne4 17. Bxe7 Rxe7 18. Ne2 Qg6 19. Nf4 Qf6 20. Rc5 Na7 21. Rfc1 Rdd7 22. Ne5 Rd8 23. Rxc7 Rxc7 24. Rxc7 Rb8 25. Rxf7 Qh4 26. Ne6 Kh8 27. Rf4 Qh5 28. Nc5 Rc8 29. g3 Qh3 30. Rh4 Qf5 31. f3 Qf6 32. fxe4 dxe4 33. Qb3 g6 34. Rf4 Qd6 35. Nf7+ Kg7 36. Nxd6 Rc6 37. Qf7+ Kh6 38. Rh4+ Kg5 39. Qf4# 1-0

[Event "SVR-op 33rd"]
[Site "Mendig"]
[Date "2010.04.02"]
[Round "6"]
[White "Waldorf, Konstantin"]
[Black "Mehlem, Sabine"]
[Result "1/2-1/2"]
[WhiteElo "1321"]
[BlackElo "1505"]
[PlyCount "70"]
[EventDate "2010.03.27"]
[EventType "swiss"]
[EventRounds "7"]
[EventCountry "GER"]
[SourceTitle "EXT 2011"]
[Source "ChessBase"]
[SourceDate "2010.11.26"]
[SourceVersion "1"]
[SourceVersionDate "2010.11.26"]
[SourceQuality "1"]

1. e4 e6 2. d4 b6 3. Nf3 Bb7 4. Nc3 Bb4 5. Bd3 Bxc3+ 6. bxc3 h6 7. 0-0 d6 8. Bb2 Nd7 9. Qe2 a5 10. Rad1 Ne7 11. Rfe1 Ng6 12. Qe3 0-0 13. e5 Bxf3 14. Qxf3 d5 15. Qg3 Qh4 16. Re3 Qxg3 17. Rxg3 Ne7 18. Bc1 Kh8 19. Re1 Rae8 20. Rh3 f5 21. Ree3 Ng8 22. Ref3 Rf7 23. Kh1 c5 24. Rfg3 c4 25. Be2 Rd8 26. Bh5 Rff8 27. Bg6 Ra8 28. Rh4 Rfc8 29. Bf7 Nf8 30. Bxg8 Kxg8 31. Bxh6 Rc7 32. Bg5 b5 33. Bf6 Raa7 34. Rh5 b4 35. Rhg5 Nh7 1/2-1/2